[Event "Belgrade-chT"]
[Site "Belgrade"]
[Date "2014.05.10"]
[Round "5"]
[White "Jeremic, Milan"]
[Black "Koprivica, Cedomir"]
[Result "1-0"]
[WhiteElo "2153"]
[BlackElo "1910"]
[PlyCount "53"]
[EventDate "2014.05.05"]
[EventType "swiss"]
[EventRounds "5"]
[EventCountry "SRB"]
[SourceTitle "CBM 160 Extra"]
[Source "ChessBase"]
[SourceDate "2014.07.01"]
[SourceVersion "1"]
[SourceVersionDate "2014.07.01"]
[SourceQuality "1"]

1. d4 e6 2. Nf3 d5 3. g3 Nf6 4. Bg2 c5 5. e3 Nc6 6. 0-0 Be7 7. b3 0-0 8. Bb2 b6 9. Ne5 Bb7 10. c4 cxd4 11. Nxc6 Bxc6 12. Bxd4 Rc8 13. Nd2 dxc4 14. Nxc4 Bxg2 15. Kxg2 Qd5+ 16. Qf3 Rfd8 17. a4 Qxf3+ 18. Kxf3 Nd5 19. Rfd1 f6 20. Kg2 Bb4 21. e4 Ne7 22. Be3 Kf7 23. Rxd8 Rxd8 24. Rc1 Ke8 25. f4 Rc8 26. g4 Rc6 27. h4 1-0

[Event "Belgrade tt Cup"]
[Site "Belgrade"]
[Date "2009.04.12"]
[Round "5"]
[White "Koprivica, Cedomir"]
[Black "Mrdak, Milomir"]
[Result "1-0"]
[WhiteElo "2055"]
[BlackElo "2055"]
[PlyCount "101"]
[EventDate "2009.04.08"]
[EventType "team-tourn"]
[EventRounds "5"]
[EventCountry "YUG"]
[SourceTitle "CBM 129 Extra"]
[Source "ChessBase"]
[SourceDate "2009.05.05"]
[SourceVersion "2"]
[SourceVersionDate "2009.05.20"]
[SourceQuality "1"]

1. d4 Nf6 2. c4 g6 3. Nc3 Bg7 4. e4 d6 5. f4 0-0 6. Nf3 c5 7. d5 e6 8. Be2 exd5 9. exd5 Re8 10. 0-0 Ng4 11. h3 Ne3 12. Bxe3 Rxe3 13. Qd2 Re8 14. Bd3 Nd7 15. Rae1 Rxe1 16. Rxe1 Nf6 17. Qc2 Nh5 18. f5 Ng3 19. fxg6 hxg6 20. Bxg6 Bxh3 21. Bh7+ Kf8 22. gxh3 Qf6 23. Qd3 Bh6 24. Kf2 Nh5 25. Qf5 Qxf5 26. Bxf5 a6 27. a3 Rb8 28. a4 Nf6 29. Re2 Bf4 30. b3 Nh5 31. Re4 Kg7 32. Bg4 f5 33. Bxf5 Rf8 34. Bg4 Bd2 35. Bxh5 Bxc3 36. Re6 Rd8 37. Re7+ Kh6 38. Bg4 b6 39. Rd7 Rxd7 40. Bxd7 Kg6 41. Ke3 Kf6 42. Ke4 Bb2 43. h4 Bc1 44. Nh2 Ke7 45. Bc8 Kf6 46. Bxa6 Kg6 47. Bc8 Kh5 48. Nf3 Kg6 49. Bd7 Kf6 50. Nh2 Ke7 51. Bf5 1-0

[Event "Belgrade tt Cup"]
[Site "Belgrade"]
[Date "2009.04.10"]
[Round "3"]
[White "Dimitrijevic, Radmilo"]
[Black "Koprivica, Cedomir"]
[Result "1-0"]
[WhiteElo "2162"]
[BlackElo "2055"]
[PlyCount "65"]
[EventDate "2009.04.08"]
[EventType "team-tourn"]
[EventRounds "5"]
[EventCountry "YUG"]
[SourceTitle "CBM 129 Extra"]
[Source "ChessBase"]
[SourceDate "2009.05.05"]
[SourceVersion "2"]
[SourceVersionDate "2009.05.20"]
[SourceQuality "1"]

1. e4 c5 2. Nc3 Nc6 3. g3 d6 4. Bg2 Bd7 5. d3 Nf6 6. h3 g6 7. Be3 Bg7 8. Qd2 Qa5 9. Nge2 0-0-0 10. 0-0 h5 11. a3 Ne8 12. b4 Qb6 13. Rab1 Nd4 14. Nd5 Qa6 15. Nxe7+ Kb8 16. bxc5 dxc5 17. e5 Bc6 18. Nxc6+ Nxc6 19. Bxc5 Bxe5 20. Qe3 Bf6 21. Bxa7+ Qxa7 22. Bxc6 Nd6 23. Qf4 Ka8 24. Bxb7+ Nxb7 25. Qxf6 Rhe8 26. Nc3 Rd7 27. Rb6 Kb8 28. Rfb1 Qa5 29. Rxb7+ Rxb7 30. Rxb7+ Kxb7 31. Qxf7+ Ka6 32. Qxe8 Qxc3 33. Qa4+ 1-0

[Event "Belgrade Winter op"]
[Site "Belgrade"]
[Date "2008.01.22"]
[Round "1"]
[White "Koprivica, Cedomir"]
[Black "Certic, Branimir"]
[Result "0-1"]
[WhiteElo "2060"]
[BlackElo "2377"]
[PlyCount "84"]
[EventDate "2008.01.22"]
[EventType "swiss"]
[EventRounds "9"]
[EventCountry "YUG"]
[SourceTitle "CBM 122 Extra"]
[Source "ChessBase"]
[SourceDate "2008.03.04"]
[SourceVersion "1"]
[SourceVersionDate "2008.03.04"]
[SourceQuality "1"]

1. d4 e6 2. c4 Bb4+ 3. Bd2 a5 4. Nc3 d5 5. e3 Nf6 6. Nf3 0-0 7. Bd3 b6 8. 0-0 Ba6 9. Qe2 Nbd7 10. cxd5 Bxd3 11. Qxd3 exd5 12. Qf5 c6 13. Rac1 Re8 14. Ne2 Rc8 15. Rc2 g6 16. Qh3 Ne4 17. Bxb4 axb4 18. Rfc1 c5 19. b3 Ndf6 20. Ne5 Qe7 21. f4 Rc7 22. g4 Nd7 23. g5 Nxe5 24. dxe5 Ra7 25. Qg2 Rea8 26. Ng3 Nc3 27. Ra1 c4 28. bxc4 b3 29. Rxc3 Rxa2 30. Rxa2 bxa2 31. Rc1 a1Q 32. Rxa1 Rxa1+ 33. Nf1 dxc4 34. Qb2 Qa7 35. Qd4 Qa8 36. Qxc4 Qf3 37. Qd3 Rd1 38. Qc4 Qxe3+ 39. Kg2 Qc1 40. Qe2 Rd4 41. e6 Qc6+ 42. Kg3 Qxe6 0-1

[Event "Belgrade Spring op"]
[Site "Belgrade"]
[Date "2005.03.27"]
[Round "3"]
[White "Koprivica, Cedomir"]
[Black "Lazarevic, Zoran Voj"]
[Result "0-1"]
[WhiteElo "2071"]
[BlackElo "2162"]
[PlyCount "128"]
[EventDate "2005.03.25"]
[EventType "swiss"]
[EventRounds "9"]
[EventCountry "YUG"]
[SourceTitle "CBM 105 Extra"]
[Source "ChessBase"]
[SourceDate "2005.05.01"]
[SourceVersion "1"]
[SourceVersionDate "2005.05.01"]
[SourceQuality "1"]

1. c4 c5 2. g3 d5 3. cxd5 Qxd5 4. Nf3 Nc6 5. Nc3 Qd7 6. Bg2 g6 7. 0-0 Bg7 8. d3 e6 9. Rb1 Nge7 10. Bd2 b6 11. Qc1 Nf5 12. Bf4 Bb7 13. Rd1 0-0 14. Re1 e5 15. Bd2 Ncd4 16. Ne4 Nxf3+ 17. Bxf3 Nd4 18. Bg2 f5 19. Qc4+ Kh8 20. Ng5 Bxg2 21. Kxg2 h6 22. e3 f4 23. exd4 hxg5 24. dxc5 f3+ 25. Kh1 Qh3 26. Rg1 g4 27. Bg5 Rf5 28. Bh4 bxc5 29. Rbe1 e4 30. dxe4 Re5 31. Qc1 Rae8 32. Qc4 g5 33. Qf7 gxh4 34. Rd1 hxg3 35. Rxg3 Qh5 36. Qxh5+ Rxh5 37. Rxg4 Bxb2 38. h4 Rf8 39. Rd7 Bd4 40. Kg1 Rg8 41. Rxg8+ Kxg8 42. Rxa7 Rxh4 43. Ra3 Rf4 44. Rd3 Kf7 45. a4 Ke6 46. a5 Ke5 47. a6 c4 48. Ra3 Ba7 49. Kf1 Kxe4 50. Ke1 Kd4 51. Kd2 Rf6 52. Kc2 Rf7 53. Ra5 Bb6 54. Rb5 Bc5 55. Rb8 Ba7 56. Rd8+ Kc5 57. Kc3 Kb5 58. Rd5+ Kxa6 59. Kxc4 Bxf2 60. Rd1 Bb6 61. Rf1 f2 62. Kd3 Kb5 63. Rb1+ Kc6 64. Ke2 Bd4 0-1

[Event "Belgrade Zimski op"]
[Site "Belgrade"]
[Date "2005.01.30"]
[Round "8"]
[White "Koprivica, Cedomir"]
[Black "Sarenac, David"]
[Result "0-1"]
[WhiteElo "2071"]
[BlackElo "2074"]
[PlyCount "76"]
[EventDate "2005.01.22"]
[EventType "swiss"]
[EventRounds "9"]
[EventCountry "YUG"]
[SourceTitle "CBM 104 Extra"]
[Source "ChessBase"]
[SourceDate "2005.03.01"]
[SourceVersion "1"]
[SourceVersionDate "2005.03.01"]
[SourceQuality "1"]

1. c4 Nf6 2. Nc3 d5 3. cxd5 Nxd5 4. Nf3 g6 5. e4 Nxc3 6. bxc3 Bg7 7. d4 c5 8. Bb5+ Bd7 9. Bxd7+ Nxd7 10. 0-0 Qa5 11. Bd2 c4 12. Qc1 0-0 13. Bh6 Rfe8 14. Bxg7 Kxg7 15. Re1 e5 16. d5 Nc5 17. Re3 b5 18. Qd2 Nb3 19. Qd1 Nxa1 20. Qxa1 Qa3 21. h4 Rab8 22. h5 f6 23. Nd2 Rec8 24. Qd1 g5 25. Qg4 Qe7 26. Qf5 a5 27. g3 b4 28. f4 gxf4 29. gxf4 exf4 30. Qxf4 b3 31. axb3 cxb3 32. Nxb3 Kh8 33. d6 Rg8+ 34. Kh2 Qf7 35. Rh3 Rxb3 36. Qf2 Ra3 37. Qf1 Qg7 38. d7 Ra2+ 0-1

[Event "Belgrade tt Cup"]
[Site "Belgrade"]
[Date "2003.04.04"]
[Round "1"]
[White "Biocanin, Goran"]
[Black "Koprivica, Cedomir"]
[Result "1-0"]
[WhiteElo "2266"]
[BlackElo "2093"]
[PlyCount "83"]
[EventDate "2003.04.04"]
[EventType "team"]
[EventRounds "5"]
[EventCountry "YUG"]
[SourceTitle "CBM 093 Extra"]
[Source "ChessBase"]
[SourceDate "2003.05.09"]
[SourceVersion "1"]
[SourceVersionDate "2003.05.09"]
[SourceQuality "1"]

1. c4 e5 2. Nc3 Nf6 3. g3 Nc6 4. Bg2 d6 5. e3 Be7 6. Nge2 0-0 7. 0-0 Be6 8. Nd5 Qd7 9. Re1 Rab8 10. d4 Bf5 11. Nec3 Bg4 12. Qa4 a6 13. dxe5 dxe5 14. Nxe7+ Nxe7 15. Qxd7 Bxd7 16. b3 Rfd8 17. Ba3 Ng6 18. Rad1 b5 19. Nd5 Nxd5 20. cxd5 b4 21. Bb2 Bb5 22. Rc1 Rd7 23. e4 Rb6 24. h4 f6 25. Bh3 Re7 26. Rc5 Bd7 27. Bf1 Bb5 28. Rec1 Bxf1 29. Kxf1 Rb7 30. Rc6 Ra7 31. R1c4 a5 32. Bc1 Rd7 33. Be3 Rb7 34. Ra6 f5 35. Rxa5 f4 36. Bc5 Rf7 37. Ra8+ Nf8 38. Ke2 h6 39. Rxb4 Rxb4 40. Bxb4 g5 41. hxg5 hxg5 42. a4 1-0